01289 2200373 4500001002100000005001500021035002000036007000300056008004100059020002200100040002200122082001200144084001400156090002200170100002800192245021400220250002600434300006200460650002100522700003100543700003000574700002400604700003600628700002800664700002500692850001200717504003400729264003400763336002100797337003000818338002300848999002200871990002200893INLIS00000000086445620210906111627 a0010-0921000206ta210906t2017 yoia b ind d a978-979-21-5359-0 aYOPDYOGbinderda04223a372 a372 MUR b aCB-D.11 2017-34181 aMuryanti, S.A.epenulis10aBuku tematik IV D :bberbagai pekerjaan untuk SD kelas IV semester 1 /cpenulis, S.A. Muryanti, L. Nuning Rahayu, Lely Kismalawati, Sumaryanto; penyunting, Y. Hery Kurniyanta; ilustrator, Eko Pramono, Harnawan aCetakan pertama, 2017 a155 halaman :bilustrasi berwarna, gambar, tabel ;c27 cm 4aPendidikan dasar1 aNuning Rahayu, L.epenulis0 aLely Kismalawatiepenulis0 aSumaryantoepenulis1 aHery Kurniyanta, Y.epenyunting0 aEko Pramonoeilustrator0 aHarnawaneilustrator aYOPDYOG aBibliografi : halaman 154-15531aYogyakarta :bKanisius,c2017 2rdacontentateks 2rdamediaatanpa perantara 2rdacarrieravolume aCB-D.11/2017-3418 aCB-D.11/2017-3418